Martín Fierro / (Registro nro. 13058)

Detalles MARC
000 -LIDER
fixed length control field 00780nam a22002417a 4500
003 - IDENTIFICACDOR DE NÚMERO DE CONTROL
control field DO-SdBPM
005 - DATE AND TIME OF LATEST TRANSACTION
control field 20241129083348.0
008 - ELEMENTOS DE LONGITUD FIJA
fixed length control field 171123b2001 ck a | 00| 0 spa d
020 ## - ISBN
International Standard Book Number 9507712836
040 ## - FUENTE DE CATALOGACIÓN
Agencia que crea de manera original el registro DO-SdBPM
Idioma de catalogación spa
Agencia que realiza la transcripción BPMSU
082 #4 - NÚMERO DE CLASIFICACIÓN DECIMAL DE DEWEY
Classification number A861.5
Item number H557M 2001
Edition number 22
100 1# - ASIENTO PRINCIPAL -- NOMBRE PERSONAL
Nombre personal Hernández, José
Fechas asociadas con el nombre 1834-1886.
245 10 - MENCIÓN DE TITULO
Título Martín Fierro /
Mención de responsabilidad José Hernández
260 ## - PUBLICACIÓN, DISTRIBUCIÓN, ETC. (PIE DE IMPRENTA)
Lugar de publicación, distribución, etc Colombia :
Nombre del editor, distribuidor, etc. Cultural Librera Americana,
Fecha de publicación, distribución, etc 2001.
300 ## - DESCRIPCIÓN FÍSICA
Extensión 320 p. :
Otros detalles físicos il. ;
Dimensiones 33 cm.
500 ## - NOTA GENERAL
Nota general Incluye apéndice con estudio críticos, análisis y comentarios sobre la obra
500 ## - NOTA GENERAL
Nota general Incluye vocabulario y notas
590 ## - NOTA LOCAL
Texto de la nota local Inventariado, 2024/VM
650 #4 - ENCABEZAMIENTO DE MATERIA--TEMÁTICO
Término temático o nombre geográfico como elemento de entrada Poesía argentina
650 #4 - ENCABEZAMIENTO DE MATERIA--TEMÁTICO
Término temático o nombre geográfico como elemento de entrada Gauchos
Subdivisión de forma Poesías
910 ## - VALIDACIÓN
Validación VMateo V. Control de calidad. BPMSU
942 ## - ADDED ENTRY ELEMENTS (KOHA)
Source of classification or shelving scheme Dewey Decimal Classification
Koha item type Libros
Existencias
Withdrawn status Lost status Source of classification or shelving scheme Damaged status Not for loan Collection code Home library Current library Date acquired Source of acquisition Total Checkouts Full call number Barcode Date last seen Price effective from Koha item type
    Dewey Decimal Classification     Colección General Biblioteca Pública Metropolitana Salomé Ureña Biblioteca Pública Metropolitana Salomé Ureña 11/23/2017 COMPRA   BPMSU CG A861.5 H557M 2001 BPMSU17110386 11/23/2017 11/23/2017 Libros